Haunting questions of liberation theology / (Record no. 60237)

MARC details
000 -LEADER
fixed length control field 00512nam a2200169 4500
005 - DATE AND TIME OF LATEST TRANSACTION
control field 20260311134300.0
008 - FIXED-LENGTH DATA ELEMENTS--GENERAL INFORMATION
fixed length control field 260311b |||||||| |||| 00| 0 eng d
020 ## - INTERNATIONAL STANDARD BOOK NUMBER
International Standard Book Number 9780334066507
050 ## - LIBRARY OF CONGRESS CALL NUMBER
Classification number BT83.57
Item number .H38 2025
245 ## - TITLE STATEMENT
Title Haunting questions of liberation theology /
260 ## - PUBLICATION, DISTRIBUTION, ETC. (IMPRINT)
Place of publication, distribution, etc London :
Name of publisher, distributor, etc SCM Press,
Date of publication, distribution, etc 2025.
300 ## - PHYSICAL DESCRIPTION
Extent xi, 219 pages ;
Dimensions 24 cm
500 ## - GENERAL NOTE
General note Includes bibliographical references and index.
650 ## - SUBJECT ADDED ENTRY--TOPICAL TERM
Topical term or geographic name as entry element Liberation theology
700 ## - ADDED ENTRY--PERSONAL NAME
Personal name Havea, Jione, 1965-
Relator term ed.
942 ## - ADDED ENTRY ELEMENTS (KOHA)
Source of classification or shelving scheme Library of Congress Classification
Item type Book
Holdings
Withdrawn status Lost status Source of classification or shelving scheme Damaged status Not for loan Collection code Home library Current library Shelving location Date acquired Source of acquisition Cost, normal purchase price Total Checkouts Full call number Barcode Date last seen Copy number Price effective from Koha item type
    Library of Congress Classification     Non-fiction Bishop Okullu Memorial Library (Limuru Campus) Bishop Okullu Memorial Library (Limuru Campus) On Display 11/03/2026 donation 7957.00   BT83.57 .H38 2025 073185 11/03/2026 1 11/03/2026 Book